000
00300nam a2200133Ia 4500
005
20251222144832.0
008
251222s9999||||xx |||||||||||||| ||spa||
020
_a
9786124092381
082
_a
720.985/I61
245
0
_a
Retóricas de la Línea
250
_a
1ra.rd
264
_b
IPCNA
942
_c
LIB
999
_c
20887
_d
20887